Catálogo público

CAFESCO S.A.S / (Record no. 233162)

MARC details
000 -CABECERA
campo de control de longitud fija 02259nam a2200385 a 4500
003 - IDENTIFICADOR DEL NÚMERO DE CONTROL
campo de control Mxchpua
005 - FECHA Y HORA DE LA ÚLTIMA TRANSACCIÓN
campo de control 20260320103816.0
007 - CAMPO FIJO DE DESCRIPCIÓN FÍSICA--INFORMACIÓN GENERAL
campo de control de longitud fija ta
008 - DATOS DE LONGITUD FIJA--INFORMACIÓN GENERAL
campo de control de longitud fija 260320s2025 mx adoefs|||| 001 0 spa d
040 ## - FUENTE DE LA CATALOGACIÓN
Centro catalogador/agencia de origen mxchpua
090 ## - LOCALMENTE ASIGNADO TIPO-LC NÚMERO DE CLASIFICACIÓN (OCLC); NÚMERO DE CLASIFICACIÓN LOCAL (RLIN)
Número de clasificación (OCLC) (R) ; Numero de clasificación, CALL (RLIN) (NR) T.C.
Número cutter local (OCLC) ; Número de libro/Signatura topográfica íntegra, CALL (RLIN) E86
Año 2025
245 1# - MENCIÓN DE TÍTULO
Título CAFESCO S.A.S /
Mención de responsabilidad, etc. coordinador Anastacio Espejel García ; colaboradores Emmanuel Barrera Hernández...[y otros]
260 ## - PUBLICACIÓN, DISTRIBUCIÓN, ETC.
Lugar de publicación, distribución, etc. Chapingo, México:
Nombre del editor, distribuidor, etc. El autor,
Fecha de publicación, distribución, etc. 2025
300 ## - DESCRIPCIÓN FÍSICA
Extensión 1 recurso en línea (203 páginas) :
Otras características físicas ilustraciones, tablas, gráficas, fotografías, planos
336 ## - TIPO DE CONTENIDO
Fuente rdacontent
Término de tipo de contenido Texto
Código de tipo de contenido txt
337 ## - TIPO DE MEDIO
Fuente rdamedia
Nombre/término del tipo de medio computadora
Código del tipo de medio c
338 ## - TIPO DE SOPORTE
Fuente rdacarrier
Nombre/término del tipo de soporte recurso en línea
Código del tipo de soporte cr
500 ## - NOTA GENERAL
Nota general Grado: 7° año <br/>Grupo:
502 ## - NOTA DE TESIS
Nota de tesis Viaje de Estudios
Tipo de título (EIUPA) --
Nombre de la institución que otorga el título UACh. Departamento de Ingeniería Agroindustrial,
Año de obtención del título 2025
504 ## - NOTA DE BIBLIOGRAFÍA, ETC.
Nota de bibliografía, etc. Bibliografía: páginas 135-140
505 00 - NOTA DE CONTENIDO CON FORMATO
Nota de contenido con formato 9 Planos : --<br/>1. Diagrama de distribución de áreas del beneficio de café --<br/>2. Diagrama de distribución de áreas de planta tostadora de CAFESCO --<br/>3. Diagrama de distribución de áreas de la tienda y almacén CAFESCO --<br/>4. Plano de Distribución de áreas --<br/>5. Plano de distribución de la tienda y almacenamiento de la empresa CAFESCO --<br/>6. Diagrama de recorrido del beneficio --<br/>7. Diagrama de recorrido de planta tostadora de CAFESCO --<br/>8. Diagrama de recorrido de Tienda y Almacén de CAFESCO --<br/>9. Diagrama de flujo del proceso para la producción de café pergamino lavado
650 13 - PUNTO DE ACCESO ADICIONAL DE MATERIA--TÉRMINO DE MATERIA
Término de materia o nombre geográfico como elemento de entrada Semillas de café
Subdivisión general Producción
9 (RLIN) 147991
Subdivisión geográfica Colombia
650 13 - PUNTO DE ACCESO ADICIONAL DE MATERIA--TÉRMINO DE MATERIA
Término de materia o nombre geográfico como elemento de entrada Semillas de café
Subdivisión general Calidad del procesamiento
9 (RLIN) 156419
650 13 - PUNTO DE ACCESO ADICIONAL DE MATERIA--TÉRMINO DE MATERIA
Término de materia o nombre geográfico como elemento de entrada Productos del café
Subdivisión general Control de calidad
9 (RLIN) 150527
650 13 - PUNTO DE ACCESO ADICIONAL DE MATERIA--TÉRMINO DE MATERIA
Término de materia o nombre geográfico como elemento de entrada Productos del café
Subdivisión general Comercialización
9 (RLIN) 150527
Subdivisión geográfica Colombia
650 13 - PUNTO DE ACCESO ADICIONAL DE MATERIA--TÉRMINO DE MATERIA
Término de materia o nombre geográfico como elemento de entrada Café
Subdivisión general Calidad del producto
9 (RLIN) 17085
650 13 - PUNTO DE ACCESO ADICIONAL DE MATERIA--TÉRMINO DE MATERIA
Término de materia o nombre geográfico como elemento de entrada Coffee beans
Subdivisión general Crop production
9 (RLIN) 156418
Subdivisión geográfica Colombia
650 13 - PUNTO DE ACCESO ADICIONAL DE MATERIA--TÉRMINO DE MATERIA
Término de materia o nombre geográfico como elemento de entrada Coffee beans
Subdivisión general Processing quality
9 (RLIN) 156418
650 13 - PUNTO DE ACCESO ADICIONAL DE MATERIA--TÉRMINO DE MATERIA
Término de materia o nombre geográfico como elemento de entrada Coffee products
Subdivisión general Quality control
9 (RLIN) 155323
650 13 - PUNTO DE ACCESO ADICIONAL DE MATERIA--TÉRMINO DE MATERIA
Término de materia o nombre geográfico como elemento de entrada Coffee products
Subdivisión general Commercialization
9 (RLIN) 155323
Subdivisión geográfica Colombia
650 13 - PUNTO DE ACCESO ADICIONAL DE MATERIA--TÉRMINO DE MATERIA
Término de materia o nombre geográfico como elemento de entrada Coffee (beverage)
Subdivisión general Product quality
9 (RLIN) 185335
700 1# - PUNTO DE ACCESO ADICIONAL--NOMBRE DE PERSONA
Nombre de persona Espejel García, Anastacio
9 (RLIN) 147446
Término indicativo de función/relación coordinador
700 1# - PUNTO DE ACCESO ADICIONAL--NOMBRE DE PERSONA
Nombre de persona Barrera Hernández, Emmanuel
9 (RLIN) 189836
Término indicativo de función/relación colaborador
856 41 - LOCALIZACIÓN Y ACCESO ELECTRÓNICOS
Texto de enlace DESCARGAR REPORTE
Holdings
Estado de retiro Estado de pérdida Fuente del sistema de clasificación o colocación Estado dañado No para préstamo Código de colección Localización permanente Ubicación/localización actual Ubicación en estantería Fecha de adquisición Fuente de adquisición Total de préstamos Signatura topográfica completa Código de barras Fecha visto por última vez Precio válido a partir de Tipo de ítem Koha
    Clasificación Universidad Autónoma de Chapingo     Viajes de estudio - En línea Ingenieria Agroindustrial Ingenieria Agroindustrial En línea 20/03/2026 El autor   T.C. EIUPA 2025 1206016434 20/03/2026 20/03/2026 Viajes de Estudio - En línea